| 000 | 00486nab a2200145Ia 4500 | ||
|---|---|---|---|
| 003 | ES-SlBCS | ||
| 005 | 20210601144519.0 | ||
| 008 | 140529s1965-1966xu||||| |||| 00| 0 spa d | ||
| 041 | _aspa | ||
| 100 | 1 |
_aSecadas, Francisco _9228627 |
|
| 245 | 0 | 0 |
_aTrabajo y descanso del escolar _c Francisco Secadas |
| 650 | 0 | 4 |
_aTrabajo Escolar _9208925 |
| 773 | 0 |
_tRevista de Educacion _gvol. 60 / 61 / 62, nº. 175/176/177/178/179/180, 1965-1966, págs. 53-59/106-109/1-7/55-63 _wRev360 |
|
| 942 | _cAR | ||
| 999 |
_c709812 _d709812 |
||